Adiministración de la cadena de suministro: (Registro nro. 29468)
[ vista simple ]
| 000 -LÍDER | |
|---|---|
| fixed length control field | 00695nam a22002177a 4500 |
| 003 - IDENTIFICADOR DEL NÚMERO DE CONTROL | |
| control field | ITZ |
| 005 - FECHA Y HORA DE LA ULTIMA TRANSACCIÓN | |
| Campo de control | 20240524140830.0 |
| 008 - ELEMENTOS DE LONGITUD FIJA -- INFORMACIÓN GENERAL | |
| fixed length control field | 240524b |||||||| |||| 00| 0 spa d |
| 020 ## - NÚMERO INTERNACIONAL NORMALIZADO PARA LIBROS | |
| ISBN | 978-607-32-5071-9 |
| 035 ## - Número de ficha (Janium) | |
| Número de ficha (Janium) | 17850 |
| 041 ## - CÓDIGO DE IDIOMA | |
| Código de idioma para texto/pista de sonido o título separado | spa |
| 050 ## - SIGNATURA TOPOGRAFICA DE LA BIBLIOTECA DEL CONGRESO (LC) | |
| Número de Clasificación | HF5415.13 |
| Cutter | CH4818 - 2020 |
| 082 ## - NUMERO DE CLASIFICACION DECIMAL DEWEY | |
| Número de Clasificación | 658.7 |
| Cutter | CH549a - 2020 |
| 100 1# - ASIENTO PRINCIPAL--NOMBRE PERSONAL | |
| Nombre personal | Chopra, Sunil |
| 245 ## - TÍTULO | |
| Título | Adiministración de la cadena de suministro: |
| Parte restante del título | Estrategia, planeación y operación / |
| Mención de responsabilidad, etc. | Sunil Chopra |
| 250 ## - MENCIÓN DE EDICIÓN | |
| Mención de edición | 6a ed. Español, 7a ed. ingles |
| 260 ## - PUBLICACIÓN, DISTRIBUCIÓN, ETC. (PIE DE IMPRENTA) | |
| Lugar de publicación, distribución, etc. | México: |
| Nombre del editor, distribuidor, etc. | Pearson Educación, |
| Fecha de publicación, distribución, etc. | 2020 |
| 300 ## - DESCRIPCIÓN FÍSICA | |
| Extensión | XIV p. |
| Otros detalles físicos | il / |
| Dimensiones | 27 cm. |
| 650 ## - ASIENTO SECUNDARIO DE MATERIA - TERMINO TEMÁTICO | |
| Término temático o nombre geográfico como elemento de entrada | 1. MERCADOTECNIA - CANALES - ADMINISTRACIÓN \ 2. SERVICIO AL CLIENTE |
| 942 ## - TIPO DE MATERIAL (KOHA) | |
| Koha item type | Libros |
| No. biblioteca | No. biblioteca | Número de clasificación | Código de barras/Número de adquisición | Número de copia | Tipo de material | Otras carreras |
|---|---|---|---|---|---|---|
| ÁREA DE INDUSTRIAL | LUIS G. INCLAN | 658.7 CH549a - 2020 | 54983 | 1 | Libros | LUIS G. INCLAN |
| ÁREA DE INDUSTRIAL | LUIS G. INCLAN | 658.7 CH549a - 2020 | 54984 | 2 | Libros | LUIS G. INCLAN |
